Con đường mòn bất tử - Hồ sơ đường mòn trường sơn huyền thoại

में बचाया:
ग्रंथसूची विवरण
मुख्य लेखक: Lê Ngọc Tú
स्वरूप: पुस्तक
प्रकाशित: H. Lao động 2009
विषय:
टैग : टैग जोड़ें
कोई टैग नहीं, इस रिकॉर्ड को टैग करने वाले पहले व्यक्ति बनें!
Thư viện lưu trữ: Trung tâm Học liệu Lê Vũ Hùng, Trường Đại học Đồng Tháp
LEADER 00762pam a22001938a 4500
001 00000704
005 20171026081022.0
008 110323s2009 ||||||Viesd
041 0 # |a Vie 
082 1 # |a 959.704 3  |b C430Đ 
100 0 # |a Lê Ngọc Tú 
245 0 0 |a Con đường mòn bất tử - Hồ sơ đường mòn trường sơn huyền thoại  |c Lê Ngọc Tú 
260 # # |a H.  |b Lao động  |c 2009 
300 # # |a 516 tr.  |b ảnh trắng đen  |c 27 cm. 
653 # # |a Kháng chiến chống Mỹ  |a Lịch sử hiện đại  |a Đường Hồ Chí Minh 
852 # # |b Kho đọc  |j KD.0000826 
852 # # |j KD.0000826 
910 |d 23/03/2011 
980 # # |a Trung tâm Học liệu Lê Vũ Hùng, Trường Đại học Đồng Tháp